000 01616namaa22003491i 4500
005 20260604124744.0
008 260604s1994 ua a|||frm||| 00| 0 eng d
040 _aEG-GICUC
_beng
_cEG-GICUC
_dEG-GICUC
_erda
041 0 _aeng
_beng
_bara
049 _aDeposit
097 _aM.Sc
099 _aCai01.11.07.M.Sc.1994.Ha.P
100 0 _aHassan Moustafa Hassan El-Gindy
_epreparation.
245 1 0 _aPathologecal andclinicopathological studies on bovine matitis in province of beni-suef /
_cHassan Moustafa Hassan El-Gindy ; supervised by Mohamed Badie Abd El-Megid Sami ,Mahmoud Badwy El-Begawy , Hosein Ibrahim Hosein.
246 1 5 _aدراسات باثولوجية وكلينيكوباثولوجية على التهاب الضرع فى العائلة البقرية فى محافظة بنى سويف
264 0 _c1994.
300 _a112 pages :
_billustrations ;
_c30 cm. +
336 _2rda content
_atext
337 _2rdamedia
_aUnmediated
338 _2rdacarrier
_avolume
502 _aThesis (M.Sc.)-Cairo University, 1994.
504 _aBibliography: pages 91-112.
653 0 _apathology
653 0 _amastitis
653 0 _aveterinary medicine
700 0 _aMohamed Badie Abd El-Megid Sami.
_ethesis advisor.
700 0 _aMahmoud Badwy El-Begawy.
_ethesis advisor.
700 0 _aHosein Ibrahim Hosein.
_ethesis advisor.
900 _DDepartment of pathology
_FFaculty of vetranary medicine
_UCairo University
_b1994
_cMohamed Badie Abd El-Megid Sami
_cMahmoud Badwy El-Begawy
_cHosein Ibrahim Hosein.
_dMohamed Badie Abd El-Megid Sami
905 _aNermeen-A
942 _2ddc
_cTH
_e21
_n0
999 _c180375